Advances in credit risk modelling and corporate bankruptcy prediction
Guardado en:
| Otros Autores: | , |
|---|---|
| Formato: | Libro |
| Lenguaje: | inglés |
| Publicado: |
New York
Cambridge University Press
2008
|
| Colección: | Quantitative methods for applied economics and business research
|
| Materias: | |
| Etiquetas: |
Sin Etiquetas, Sea el primero en etiquetar este registro!
|
MARC
| LEADER | 00000nam a2200000 4500 | ||
|---|---|---|---|
| 001 | 0235630 | ||
| 005 | 20240315115054.8 | ||
| 020 | |a 978-0-521-68954-0 | ||
| 020 | |a 978-0-521-86928-7 | ||
| 041 | 0 | |a eng | |
| 044 | |a US | ||
| 245 | 1 | 0 | |a Advances in credit risk modelling and corporate bankruptcy prediction |c edited by: Stewart Jones and David A. Hensher |
| 264 | 1 | |a New York |b Cambridge University Press |c 2008 | |
| 300 | |a 298 s. | ||
| 490 | 1 | |a Quantitative methods for applied economics and business research | |
| 830 | 0 | |a Quantitative methods for applied economics and business research | |
| 610 | 2 | 0 | |a korporácie |
| 610 | 2 | 0 | |a podnik veľký |
| 610 | 2 | 0 | |a riziko úverové |
| 610 | 2 | 0 | |a bankrot |
| 610 | 2 | 0 | |a prognózy |
| 610 | 2 | 0 | |a modelovanie ekonometrické |
| 610 | 2 | 0 | |a modely |
| 610 | 2 | 0 | |a analýzy |
| 610 | 2 | 0 | |a modely štatistické |
| 610 | 2 | 0 | |a analýza regresná |
| 700 | 1 | |a Jones, Stewart | |
| 700 | 1 | |a Hensher, David A. | |